| 000 | 00873nam a22002534i 4500 | ||
|---|---|---|---|
| 999 |
_c7342 _d7342 |
||
| 001 | .b75185404 | ||
| 003 | OSt | ||
| 005 | 20211222123904.0 | ||
| 008 | 210326e202103 sp ||| ||||| 000 0 spa|c | ||
| 017 |
_aDL M 2906-2021 _bOficina DL Madrid |
||
| 020 | _a9788417678623 | ||
| 040 |
_aES-BaFC _bcat _erda _cCDMR |
||
| 100 | 1 | _aKantor, Jodi, | |
| 245 | 1 | 0 |
_aShe said : _bla investigación periodística que desveló los abusos de Harvey Weinstein e impulsó el movimiento #MeToo / _cJodi Kantor, Megan Twohey ; traducción de Lucía Barahona |
| 264 | 1 |
_aMadrid : _bLibros del K.O, _c2021 |
|
| 300 |
_a376 pàgines ; _c22 cm |
||
| 600 | 1 | 4 | _aWeinstein, Harvey |
| 650 | 4 | _aAssetjament sexual | |
| 700 | 1 | _aTwohey, Megan, | |
| 700 | 1 | _aBarahona, Lucia, | |
| 907 |
_a.b75185404 _b06-04-21 _c26-03-21 _d26-03-21 _em _fa _g- _hspa _isp _j0 _k0 |
||
| 940 | _aFILMO | ||
| 942 |
_2udc _cMON |
||